000 00250nam a2200109 a 4500
005 20140513081051.0
008 020606s19uu xx 00 eng d
050 _aP 728
_bTYP
245 _aType of houses.
650 _aHouses
_xPoster
999 _c116323
_d116323